000 00480nam a2200181Ia 4500
001 8574
005 20260306160619.0
008 260306t2000||||xx |||||||||||||| ||spa||
041 _aESP
082 _a371.15
_bA15
100 _aAbraham, Ada [comp.]
_eAUT
245 0 _aEl enseñante es también una persona:
_bconflictos y tensiones en el trabajo docente
260 _c2000
300 _a203 páginas :
_c19 cm.
650 _aGEN
654 _aCED
942 _cLIB
_dJUS
_fJUS
_2ddc
_n
999 _c8574
_d8574